Les transports internationaux par voie de terre
I tiakina i:
| Kaituhi matua: | |
|---|---|
| Hōputu: | Pukapuka |
| Reo: | Wīwī |
| I whakaputaina: |
París
Librairie Générale de Droit et de Jurisprudence
1951
|
| Ngā marau: | |
| Ngā Tūtohu: |
Tāpirihia he Tūtohu
Kāore He Tūtohu, Me noho koe te mea tuatahi ki te tūtohu i tēnei pūkete!
|
MARC
| LEADER | 00000nam a2200000 a 4500 | ||
|---|---|---|---|
| 001 | UCT8819 | ||
| 003 | CL-VaPUC | ||
| 008 | 970326e19510000FR |||||||||||||||||fre|d | ||
| 082 | 0 | 4 | |a 341.756 |b BOR |2 21 |
| 100 | 0 | |a Borgognon, Pierre |e author |9 380921 | |
| 245 | 1 | 4 | |a Les transports internationaux par voie de terre |
| 300 | |a 294 p | ||
| 942 | |c BK | ||
| 945 | |d 19970326 00:00:00 |a paguirre | ||
| 260 | |a París |b Librairie Générale de Droit et de Jurisprudence |c 1951 | ||
| 650 | 7 | |a TRANSPORTE TERRESTRE |2 CL-VaPUC |9 380922 | |
| 650 | 7 | |a TRANSPORTE INTERNACIONAL |2 CL-VaPUC |9 380923 | |
| 650 | 0 | |a Derecho internacional |9 255637 | |
| 650 | 7 | |a TARIFAS |2 CL-VaPUC |9 317352 | |
| 650 | 0 | |a Contratos |9 255153 | |
| 650 | 7 | |a PRODUCTOS |2 CL-VaPUC |9 338640 | |
| 583 | |a last modification |c 19970326 00:00:00 |k Rodrigo Vera | ||
| 999 | |c 257295 |d 257293 | ||
| 952 | |0 0 |1 0 |4 0 |6 341_756000000000000_BOR_1951 |7 0 |8 A |9 280649 |a BIBDER |b BIBDER |d 2019-11-19 |i 1818007 |o 341.756 BOR 1951 |p 1818007 |r 2023-01-25 |w 2019-11-19 |y BK |k DER | ||